Food microbiology : public health & Spoilage aspects (Record no. 359535)
[ view plain ]
| 000 -LEADER | |
|---|---|
| fixed length control field | 003850000a22001570004500 |
| 060 ## - NATIONAL LIBRARY OF MEDICINE CALL NUMBER | |
| Classification number | 100 |
| 082 ## - DEWEY DECIMAL CLASSIFICATION NUMBER | |
| Classification number | 576.163 DEF |
| 100 ## - MAIN ENTRY--PERSONAL NAME | |
| Personal name | Defigueiredo, Mario P |
| 100 ## - MAIN ENTRY--PERSONAL NAME | |
| Personal name | Splittstoesser, Don F |
| 245 ## - TITLE STATEMENT | |
| Title | Food microbiology : public health & Spoilage aspects |
| 260 ## - PUBLICATION, DISTRIBUTION, ETC. (IMPRINT) | |
| Place of publication, distribution, etc. | U S A, AVI Publishing Co |
| 260 ## - PUBLICATION, DISTRIBUTION, ETC. (IMPRINT) | |
| Date of publication, distribution, etc. | 1976 |
| 300 ## - PHYSICAL DESCRIPTION | |
| Extent | 492 |
| 650 ## - SUBJECT ADDED ENTRY--TOPICAL TERM | |
| Topical term or geographic name as entry element | Food microbiology |
| 942 ## - ADDED ENTRY ELEMENTS (KOHA) | |
| Koha item type | Books (General) |
| Withdrawn status | Lost status | Damaged status | Not for loan | Home library | Current library | Date acquired | Total Checkouts | Full call number | Barcode | Date last seen | Price effective from | Koha item type |
|---|---|---|---|---|---|---|---|---|---|---|---|---|
| College of Agriculture, Vellayani | College of Agriculture, Vellayani | 02/05/2014 | 576.163 DEF | KAU_COAV-14928 | 02/05/2014 | 02/05/2014 | Books (General) |
